MIKRO EKONOMI STPM (Record no. 60030)

000 -LEADER
fixed length control field 00432nam a22001817a 4500
003 - CONTROL NUMBER IDENTIFIER
control field MPLRDC
005 - DATE AND TIME OF LATEST TRANSACTION
control field 20220104174756.0
008 - FIXED-LENGTH DATA ELEMENTS--GENERAL INFORMATION
fixed length control field 210129b ||||| |||| 00| 0 eng d
020 ## - INTERNATIONAL STANDARD BOOK NUMBER
International Standard Book Number 967-9908-28-3
082 ## - DEWEY DECIMAL CLASSIFICATION NUMBER
Classification number 524.9591 HOW 1987
100 ## - MAIN ENTRY--PERSONAL NAME
Personal name LIM BOON HOW
245 ## - TITLE STATEMENT
Title MIKRO EKONOMI STPM
Statement of responsibility, etc.
250 ## - EDITION STATEMENT
Edition statement 第六版
260 ## - PUBLICATION, DISTRIBUTION, ETC.
Place of publication, distribution, etc.
Name of publisher, distributor, etc. EASTVIEW PRODUCTIONS
Date of publication, distribution, etc. 1987
300 ## - PHYSICAL DESCRIPTION
Other physical details
650 ## - SUBJECT ADDED ENTRY--TOPICAL TERM
Topical term or geographic name entry element
942 ## - ADDED ENTRY ELEMENTS (KOHA)
Koha item type Book
-- 524.9591 HOW 1987
Holdings
Withdrawn status Lost status Source of classification or shelving scheme Damaged status Not for loan Collection code Home library Current library Shelving location Date acquired Cost, normal purchase price Total Checkouts Full call number Barcode Date last seen Date last checked out Price effective from Koha item type Public note
            Malaysian Public Library, Research and Development Centre Malaysian Public Library, Research and Development Centre   10/12/2007 0.00   524.9591 HOW 1987 M0000079 18/03/2021 19/02/2008 18/03/2021 Book mplrdc

© 2022. Malaysian Public Library, Research and Development Centre. All Right ReservedE-mailmplrdc@help.edu.my 

Powered by Koha